书目信息 |
| 题名: |
上海武康路
|
|
| 作者: | 沙永杰 , 纪雁 , 钱宗灏 著 | |
| 分册: | ||
| 出版信息: | 上海 同济大学出版社 2009.12 |
|
| 页数: | 149页 | |
| 开本: | 25cm | |
| 丛书名: | ||
| 单 册: | ||
| 中图分类: | TU984.251 | |
| 科图分类: | ||
| 主题词: | 城市道路--cheng shi dao lu--城市规划--研究--上海市 | |
| 电子资源: | ||
| ISBN: | 978-7-5608-4055-0 | |
| 000 | 01317nam0 2200301 450 | |
| 001 | 012010544405 | |
| 005 | 20100404095932.40 | |
| 010 | @a978-7-5608-4055-0@dCNY50.00 | |
| 100 | @a20100403d2009 em y0chiy0120 ea | |
| 101 | 0 | @achi |
| 102 | @aCN@b310000 | |
| 105 | @aa a 000yy | |
| 106 | @ar | |
| 200 | 1 | @a上海武康路@Ashang hai wu kang lu@e风貌保护道路的历史研究与保护规划探索@d= Shanghai Wukang road@ea historical approach to urban regeneration@f沙永杰, 纪雁, 钱宗灏著@Fsha yong jie,ji yan,qian zong hao zhu@zeng |
| 210 | @a上海@c同济大学出版社@d2009.12 | |
| 215 | @a149页@c图@d25cm | |
| 320 | @a有书目 (第148-149页) | |
| 330 | @a本书主要内容包括:城市化:从乡村到城区;建筑:风貌与品质;人文:武康路承载的记忆;风貌保护:希望与挑战。 | |
| 333 | @a建筑、规划、历史和历史街区保护更新等相关领域研究人员及广大建筑爱好者 | |
| 510 | 1 | @aShanghai Wukang road@ehistorical approach to urban regeneration@zeng |
| 517 | 1 | @a风貌保护道路的历史研究与保护规划探索@Afeng mao bao hu dao lu de li shi yan jiu yu bao hu gui hua tan suo |
| 606 | 0 | @a城市道路@Acheng shi dao lu@x城市规划@x研究@y上海市 |
| 690 | @aTU984.251@v4 | |
| 701 | 0 | @a沙永杰@Asha yong jie@4著 |
| 701 | 0 | @a纪雁@Aji yan@4著 |
| 701 | 0 | @a钱宗灏@Aqian zong hao@4著 |
| 801 | 0 | @aCN@bQSSK@c20100404 |
| 905 | @b772960-64@dTU984.251@eS067@f5 | |
| 上海武康路:风貌保护道路的历史研究与保护规划探索= Shanghai Wukang road:a historical approach to urban regeneration/沙永杰, 纪雁, 钱宗灏著.-上海:同济大学出版社,2009.12 |
| 149页:图;25cm |
| 使用对象:建筑、规划、历史和历史街区保护更新等相关领域研究人员及广大建筑爱好者 |
| ISBN 978-7-5608-4055-0:CNY50.00 |
| 本书主要内容包括:城市化:从乡村到城区;建筑:风貌与品质;人文:武康路承载的记忆;风貌保护:希望与挑战。 |
| ● |
| 相关链接 |
|
|
|
正题名:上海武康路
索取号:TU984.251/S067
 
预约/预借
| 序号 | 登录号 | 条形码 | 馆藏地/架位号 | 状态 | 备注 |
| 1 | 772960 | 207729608 | 建筑库201/201建筑库 95排2列5层/ [索取号:TU984.251/S067] | 在馆 | |
| 2 | 772961 | 207729617 | 建筑库201/201建筑库 95排2列5层/ [索取号:TU984.251/S067] | 在馆 | |
| 3 | 772962 | 207729626 | 建筑库201/201建筑库 95排2列5层/ [索取号:TU984.251/S067] | 在馆 | |
| 4 | 772963 | 207729635 | 建筑与城市规划学院资料室/101建筑库 89排1列2层/ [索取号:TU984.251/S067] | 在馆 | |
| 5 | 772964 | 207729644 | 建筑库201/201建筑库 95排2列5层/ [索取号:TU984.251/S067] | 在馆 |